[Event "Linares Anibal op 08th"]
[Site "Linares"]
[Date "2001.01.10"]
[Round "3"]
[White "Akopian, Vladimir Eduardovic"]
[Black "Burmakin, Vladimir"]
[Result "0-1"]
[WhiteElo "2656"]
[BlackElo "2493"]
[Annotator "Dautov,R"]
[PlyCount "68"]
[EventDate "2001.01.08"]
[EventType "swiss"]
[EventRounds "11"]
[EventCountry "ESP"]
[SourceTitle "CBM 081"]
[Source "ChessBase"]
[SourceDate "2001.03.20"]
[SourceVersion "1"]
[SourceVersionDate "2001.03.20"]
[SourceQuality "1"]

1. c4 e6 2. Nc3 d5 3. d4 Nf6 4. Nf3 Be7 5. Qc2 Nbd7 6. Bg5 h6 {Dieser
Zwischenzug erweist sich als sehr nützlich für Schwarz in vielen Varianten.} (
6... c5 7. cxd5 Nxd5 8. Bxe7 Qxe7 9. Nxd5 exd5 10. e3 O-O 11. Bd3 g6 12. dxc5
Nxc5 13. O-O $14) 7. cxd5 $6 {Ein Figurenopfer, das bisher als sehr
chancenreich galt. Es sieht aber so aus, daß in dieser Partie das Gegenteil
bewiesen wird.} ({Eine "normale" Fortsetzung wäre} 7. Bh4 c5 (7... dxc4 8. e4 (
8. e3 a6 9. a4 c5 $132) 8... a6 9. a4 c5 10. dxc5 Qc7 11. Bxc4 Bxc5 12. Qe2 Nh5
13. O-O-O O-O 14. e5 Nb6 15. Bb3 Bd7 $13 {Savchenko,S-Smagin,S/Moscow 1992}) 8.
dxc5 (8. cxd5 Nxd5 9. Bxe7 Qxe7 10. Nxd5 exd5 11. e3 O-O $11 {vgl. mit 6...c5.}
) 8... Qa5 9. e3 Nxc5 10. Nd2 Nce4 11. Nb3 Qc7 12. Nxe4 Nxe4 13. Bxe7 Qxe7 14.
cxd5 exd5 15. Bb5+ Bd7 16. Bxd7+ Qxd7 17. O-O $14 {Seirawan,Y-Orlov,G/New York
op 1990}) 7... hxg5 {Eine mutige und wie wir sehen werden eine gut durchdachte
Entscheidung! Bisher hat Schwarz das Opfer verschmäht.} (7... exd5 8. Bh4 c6 9.
e3 {Weiß hat die Karlsbader Bauernstruktur mit dem eingeschobenen Zug h7-h6
ereicht, was für ihn bekanntermaßen günstig ist.} Nh5 (9... O-O 10. Bd3 Re8 11.
O-O $14 (11. O-O-O $14)) 10. Bxe7 Qxe7 11. O-O-O Nb6 12. Ne5 $14 {Piket,J-San
Segundo Carrillo,P/Madrid 1997}) 8. dxe6 Nb6 $1 (8... fxe6 $4 9. Qg6+ Kf8 10.
Nxg5 $18) (8... Nf8 $6 9. exf7+ Kxf7 10. Nxg5+ Ke8 11. O-O-O Nd5 12. Nge4 $36)
9. exf7+ Kf8 $1 (9... Kxf7 $2 10. Ne5+ Kf8 (10... Kg8 11. Qb3+ Kh7 12. Nf7 $16)
11. Ng6+ Kg8 12. Nxh8 Kxh8 13. Rd1 $16) 10. O-O-O (10. Ne5 Rh6 $13) (10. Nxg5
$6 Qxd4 $17) 10... Nfd5 11. e4 Nxc3 12. Qxc3 Rh6 $1 {/\Rc6 Offensichtlich hat
Burmakin ein gutes Konzept gegen das Opfer gefunden. Sein König ist in
Sicherheit auf f8, und der Bauer g5 bildet einen Wellenbrecher gegen die weiße
Aktivität am Königsflügel. Und die schwarzen Figuren kommen sehr schnell ins
ins Spiel...} 13. Kb1 Be6 14. Be2 Qd6 15. h4 $2 {Schwarz stand inzwischen
bereits besser, und mit diesem Bauernopfer beschleunigt Weiß nur seinen
Untergang.} (15. d5 Bxf7 16. e5 $2 Qg6+ $19) ({Besser war} 15. Ne5 $15) 15...
gxh4 16. Ne5 Qb4 $1 $17 17. Qc2 (17. Qxc7 $2 Qa4 18. b3 (18. d5 Qxe4+ $19)
18... Bxb3 19. axb3 Qxb3+ 20. Ka1 Qa3+ 21. Kb1 Na4 $19) 17... Rd8 18. d5 Bxf7
$19 {Den Rest sollte sich Weiß lieber ersparen.} 19. Rh3 c6 20. Rb3 Qa4 21. f4
Be8 22. Ng4 Rhd6 23. Ka1 cxd5 24. e5 Rc6 25. Qb1 Bg6 26. f5 Bh7 27. Rf1 Bg5 28.
Qd3 Rdc8 29. Rb1 Rc1 30. Rc3 R1xc3 31. bxc3 Qc4 32. Qxc4 dxc4 33. Rf1 Nd5 34.
Kb2 b5 0-1

[Event "EU-Cup 13th final"]
[Site "Kazan"]
[Date "1997.12.28"]
[Round "1"]
[White "Jussupow, Artur"]
[Black "Lputian, Smbat G"]
[Result "1-0"]
[WhiteElo "2640"]
[BlackElo "2585"]
[Annotator "Donev,I"]
[PlyCount "121"]
[EventDate "1997.12.28"]
[EventType "team-k.o."]
[EventRounds "4"]
[EventCountry "RUS"]
[SourceTitle "EXT 2020"]
[Source "ChessBase"]
[SourceDate "2019.10.17"]
[SourceVersion "1"]
[SourceVersionDate "2019.10.17"]
[SourceQuality "1"]
[WhiteTeam "Kazan Sberbank-Tatarstan"]
[BlackTeam "Yerevan"]
[WhiteTeamCountry "RUS"]
[BlackTeamCountry "ARM"]

1. d4 {Tsesarsky Hecht} d5 2. c4 e6 3. Nc3 Be7 4. Nf3 Nf6 5. Bg5 h6 6. Bxf6
Bxf6 7. Qb3 dxc4 $5 {Schwarz verliert keine Zeit, mittels ...c7-c6 das Zentrum
zu decken, sondern versucht das Spiel zu �ffnen, denn das L�uferpaar
k�nnte eine starke Waffe werden.} (7... c5 {Tsesarsky} 8. dxc5 dxc4 (8... d4
9. Ne4 O-O 10. O-O-O Nc6 11. e3 e5 12. exd4 exd4 13. Bd3 $14 {1-0 Nutu Gajic,
D-Baciu Ionescu,O/ROM-chW 1994 (34)}) 9. Qxc4 O-O 10. Rc1 (10. e3 Qa5 11. Nd4
Na6 12. Nb3 Qc7 13. Bd3 Be7 14. Nb5 Qe5 15. Qd4 Nxc5 $1 16. Nxc5 {1/2-1/2
Gligoric, S-Petrosian,A/Erevan 1989}) 10... Bd7 11. g3 (11. e3 Qe7 12. Bd3 Bc6
13. b4 $14 (13. e4 $6 Nd7 14. b4 b6 15. b5 Bd5 $1 16. Nxd5 exd5 17. Qxd5 Nxc5
$17 {Malaniuk,V-Kruppa,Y/USSR 1986 (20)})) 11... Qa5 12. Bg2 Bb5 13. Qb3 Bc6
14. O-O Na6 15. Nd2 Nxc5 16. Qc4 Bxg2 17. Kxg2 Qb6 18. b4 Na6 19. a3 $10 {
1/2-1/2 Lerner,K-Beliavsky,A/URS-ch53 Kiev 1986 (40)}) 8. Qxc4 a6 (8... O-O {
Tsesarsky} 9. g3 (9. e4 a6 10. Rd1 (10. e5 Be7 11. Qd3 c5 12. Qe4 Nc6 13. O-O-O
cxd4 14. Nxd4 Nxd4 15. Rxd4 $14 {0-1 Sorsak,J-Leserer,H/cr 1987 (27)}) 10...
Nd7 11. Be2 Nb6 12. Qb3 c6 13. O-O $14 {1/2-1/2 Szuhanek,R-Vajda,A/Timisoara
1994 (24)}) (9. Rd1 $6 a6 10. e3 (10. a4 b5 11. axb5 axb5 12. Qxb5 Nd7 $44)
10... b5 11. Qb3 Nd7 (11... c5 12. dxc5 Qc7 13. a4 Nd7 14. axb5 Nxc5 15. Qc4
$14) 12. Bd3 c5 13. Bb1 Qb6 $1 $15 {0-1 Rashkovsky,N-Lputian,S/USSR (ch) 1986 
(35)}) 9... Nd7 10. Bg2 e5 11. d5 Nb6 12. Qb3 Bf5 13. Nd2 Rb8 14. O-O c6 15. e4
Bd7 $10 16. Rfd1 Bg4 17. Bf3 Bh3 18. a4 Bg5 19. a5 Nd7 20. Nc4 Qf6 21. Bg2 Bxg2
22. Kxg2 Qg6 23. Qc2 Rfc8 24. Qe2 cxd5 25. Rxd5 Qa6 26. Rxd7 Qxc4 27. Qf3 Rd8
28. Rad1 Rxd7 29. Rxd7 Qe6 30. Qd3 h5 31. h4 Be7 32. Nb5 Bc5 33. Qd5 Qxd5 34.
Rxd5 Bb4 35. Rxe5 Bxa5 36. Nxa7 Bb6 37. Nb5 g6 38. Re7 Bc5 39. Rd7 b6 40. Nc7
Rb7 41. Nd5 Rxd7 42. Nf6+ Kg7 43. Nxd7 Bd4 44. b4 b5 45. Nc5 Bxc5 46. bxc5 b4
47. c6 b3 48. c7 b2 49. c8=Q b1=Q 50. Qc3+ Kg8 51. Kf3 Qa2 52. Qd4 Qe6 53. Ke3
Qc8 54. e5 Qc2 55. Qe4 Qb2 56. Kf3 Qa2 57. Qd4 Qc2 58. Qe4 Qb2 59. Kg2 Qb3 60.
Kh2 Qb2 61. Qf4 Qa2 62. Qf6 Qe2 63. Qd8+ Kg7 64. Qd4 Kg8 65. Qe3 Qxe3 66. fxe3
Kf8 67. Kg2 Ke7 68. Kf3 Ke6 69. Ke4 Ke7 70. Kd5 Kd7 71. e6+ $4 (71. e4 $1 Ke7
72. e6 fxe6+ (72... f6 73. e5 f5 74. Kc5 Kxe6 (74... g5 75. hxg5 f4 76. gxf4 h4
77. g6 Kxe6 78. f5+ $18) 75. Kd4 Ke7 76. Kd5 Kd7 77. e6+ Ke7 (77... Ke8 78. Kd6
$18) (77... Kd8 78. Kd6 Ke8 79. e7 $18) 78. Ke5 $18) 73. Kc6 $18) 71... fxe6+
72. Ke4 (72. Ke5 Ke7 73. e4 Kf7 $10) 72... Ke8 73. Kf4 Kf7 74. e4 Kf6 75. e5+
Kf7 {1/2-1/2 Uhlmann,W-Hjartarson,J/Leningrad White Knights 1984 (84)}) (8...
b6 {Tsesarsky} 9. e4 O-O 10. Rd1 (10. O-O-O Bb7 11. h4 g6 (11... c5 12. e5 Be7
13. d5 exd5 14. Nxd5 Bxd5 15. Rxd5 Qc8 16. Bd3 Nc6 17. Qe4 f5 18. exf6 Rxf6 19.
Qh7+ $18 {1-0 Nutu-Gajic - Ionescu-Baciu/Timisoara zt, SW 1993 (21)}) 12. e5
Bg7 13. d5 exd5 14. Nxd5 Bxd5 15. Rxd5 Qe7 16. h5 c6 17. Rd2 $16 (17. Rd6 $2
Nd7 (17... Bxe5 18. Rxg6+ Bg7 19. Rh4 (19. Rg4 Nd7 20. Bd3 Ne5 21. Re1 Nxd3+
22. Qxd3 Qc5+ $132) 19... b5 20. Rxg7+ Kxg7 21. Rg4+ $18) 18. hxg6 Nxe5 19.
gxf7+ (19. Nxe5 Qxe5 $8 (19... Qxd6 $2 20. gxf7+ Kh8 21. Qf4 $3 Bxe5 (21...
Rad8 22. Bd3 $3 Qc5+ 23. Kb1 $18) 22. Rxh6+ Kg7 23. Qg5+ Kxf7 24. Rxd6 Bxd6 25.
Bc4+ $18) 20. Rd2 Qg5 21. Bd3 (21. f4 Qxg6 22. Bd3 Qe6 $15) 21... Bxb2+ 22. Kd1
(22. Kc2 Bg7 23. gxf7+ Rxf7 24. Bh7+ Kf8 25. Qxc6 Qc5+ 26. Qxc5+ bxc5 $10)
22... Bg7 23. gxf7+ Rxf7 24. Qxc6 Rd8 25. Re1 $132) 19... Rxf7 20. Nxe5 Qxe5
21. Rd2 $132 {1/2-1/2 Nutu Gajic,D-Aleksieva,S/Moscow ol 1994 (38)})) 10... Ba6
11. Qb3 Bxf1 12. Kxf1 c6 $10 (12... Qc8 13. g4 c5 14. e5 Bd8 15. g5 Bxg5 (15...
cxd4 16. Ne4 hxg5 17. Nfxg5 Bxg5 18. Nxg5 d3 19. Qb4 f6 20. exf6 Rxf6 21. Qe4
$16 {1-0 Rodriguez, J-Restifa,H/Buenos Aires Najdorf op 1993 (41)}) 16. Nxg5
hxg5 17. Rg1 Nc6 $15)) 9. Ne4 Be7 10. Rc1 O-O 11. e3 (11. Qxc7 $6 Qxc7 12. Rxc7
Nc6 $1 {Die Falle schnappt zu. Jetzt hat der wei�e Turm keinen R�ckzug
mehr und mu� gegen eine schwarze Leichtfigur geopfert werden.} 13. Ne5 Bd8
14. Rxc6 bxc6 $15) 11... Bd7 12. Ne5 (12. Qxc7 Bb4+ 13. Nfd2 Qxc7 14. Rxc7 Bc6
15. Nc5 Ra7 $3 $17 {/\Ba5 und wieder steckt der Rc7 in der Falle.} (15... Ra7
$1 {Tsesarsky} 16. Bc4 Ba5 17. Re7 Bd8 18. Rxe6 fxe6 19. Nxe6 Bf6 $17) (15...
Ba5 16. Rxb7 Bxb7 17. Nxb7 Nc6 (17... Bxd2+ 18. Kxd2 Nd7 19. b3 Rab8 20. Na5
Rb6 21. Bd3 $14) 18. Nxa5 Nxa5 19. b3 Rfc8 20. Nc4 Nxc4 21. Bxc4 $14)) (12. Bd3
{Tsesarsky} Bb5 13. Qc2 c6 14. O-O Bxd3 15. Qxd3 Nd7 16. Qb3 $14 {1/2-1/2
Lerner,K-Van der Sterren,P/ Tallinn 1987 (27)}) 12... Bd6 (12... Nc6 {Tsesarsky
} 13. Nd3 $14) 13. Nxd7 Nxd7 14. Be2 Nf6 15. Nc5 (15. Nxd6 {Tsesarsky} cxd6 16.
O-O Rc8 17. Qb3 Qd7 $10) 15... Bxc5 (15... Rb8 16. O-O c6 17. Bf3 {nebst b4,a4
mit besserem Spiel f�r Wei�.}) 16. Qxc5 c6 $14 {Auf dem Brett steht eine
typische Stellung mit dem Zentralbauern d4 gegen das schwarze Bauernpaar e6/c6.
Der wei�e Plan ist einfach: Rochade, Lf3 nebst Minorit�tsangriff am
Damenfl�gel ( b4,a4,b5). In solchen Stellungen ist der L�ufer dem Springer
�berlegen. Die Stellung ist halboffen, der Springer hat keine starken
St�tzpunkte (von d5 kann der Springer immer mit e3-e4 vertrieben werden).
Beim Spiel auf zwei Fl�geln kann sich der L�ufer besser bewegen. Wei�
hat einen kleinen, aber dauerhaften positionellen Vorteil.} 17. O-O Qd5 18. Qa3
$1 (18. Qxd5 exd5 $10) 18... Rad8 (18... Rfd8 {Tsesarsky} 19. Bf3 $14) 19. Bf3
Qd6 20. Qa5 Rfe8 (20... Rd7 {Tsesarsky} 21. Rfd1 $14) 21. Rfd1 Qb8 (21... Rd7
$5 {Tsesarsky}) 22. g3 Rd7 23. a3 e5 (23... Red8 $142 {Tsesarsky}) 24. dxe5
Qxe5 (24... Rxe5 {Tsesarsky} 25. Qa4 $14) 25. Qxe5 Rxe5 26. Rxd7 Nxd7 {[%eval
-32767,0] Hecht: Bei verteilten und nicht festgelegten Bauernmehrheiten ist
der L�ufer in der Regel die st�rkere Leichtfigur. Der L�ufer kann als
Langschrittler eigene Freibauern unterst�tzen und gleichzeitig feindliche
kontrollieren. Der Springer als Nahkampffigur kann das im allgemeinen nicht
leisten. Grober Fehler von Schwarz im 30.Zug. Daf�r gibt es eine
Endspielmedaille.} 27. Rd1 Nf6 (27... Re7 {Tsesarsky} 28. Bg4 Ne5 29. Rd8+ Kh7
30. Be2 $14) 28. Rd8+ Re8 29. Rd4 (29. Rxe8+ {Tsesarsky} Nxe8 30. Kf1 Nd6 $10)
29... Kf8 (29... Re7 $142 {Tsesarsky}) 30. Kf1 Ke7 $2 {Leider verliert dieser
logische Zug (/\Rd8). Lputian hat �bersehen, da� nach 31.Rb4 Rb8 der
Bauern c6 h�ngt: 32.Bxc6+-} (30... Re7 $142 $5 {31...Rd7 +=}) (30... Re5 $142
$1 {/\Ke7} 31. Rd8+ Ke7 32. Rb8 Rb5 33. b4 Nd7 $10) (30... a5 {Tsesarsky} 31.
Ke2 $14) 31. Rb4 $1 b5 (31... Rb8 {Hecht} 32. Bxc6 {Motiv: Fesselung}) 32. Bxc6
$18 Rb8 (32... Rd8 {Tsesarsky} 33. Ke2 Rd6 34. Bf3 $16) 33. a4 Rb6 34. axb5
axb5 (34... Kd6 35. Rb3 Kc5 36. bxa6 $1 $18) 35. Bf3 (35. Bxb5 $5) (35. Bxb5 {
Tsesarsky} Kd6 36. Rd4+ (36. Rb3 Ne4 37. Rd3+ (37. Rb4 Nf6 $10) 37... Kc5 38.
Rd4 Nd6 (38... Nxg3+ 39. hxg3 Rxb5 40. Rd7 $18) 39. Be2 Rxb2 $14) 36... Ke7 37.
Rb4 Kd6 $10) 35... Ne8 36. Re4+ Kd8 (36... Re6 {Tsesarsky} 37. Ke2 $16) 37.
Rd4+ Ke7 38. Bd5 (38. Ke2 $16 {Tsesarsky}) 38... Nd6 39. Ke2 Ra6 40. Rd1 (40.
h4 $2 {Tsesarsky} Ra1 41. b4 Nf5 42. Re4+ Kf6 43. Bc6 Nd6 44. Rd4 Ke7 45. Bd5
Nf5 $14) 40... Ra4 (40... Nc4 {Tsesarsky} 41. Bxc4 bxc4 42. Kd2 Rf6 43. f4 (43.
Rf1 Kd6 44. Kc3 Kc5 45. h4 (45. f3 Rd6) 45... Rd6 46. Ra1 Rd3+ 47. Kc2 Rd7 48.
Rd1 $16) 43... Rd6+ 44. Kc2 Re6 45. Re1 Re4 46. Kd2 Kd6 47. Ra1 $16) 41. Kd3 g5
(41... Nc4 {Tsesarsky} 42. Kc3 $18) 42. f4 Nc4 (42... f5 {Tsesarsky} 43. Rc1
$16) 43. Rb1 (43. Bxc4 {Tsesarsky} Rxc4 44. Ra1 $16) 43... Nb6 44. Bc6 Ra5 (
44... Rb4 {Tsesarsky} 45. b3 Kd6 46. Kc3 Kc5 47. Rc1 $1 Nc4 (47... f6 48. Bf3
$18) 48. Be8 $18) 45. Kc3 gxf4 46. Kb4 (46. exf4 {Tsesarsky} Kd6 47. Kb4 Ra2
48. Kxb5 $18) 46... Ra2 47. exf4 (47. Kxb5 $2 Na4 $1 48. exf4 Rxb2+ 49. Rxb2
Nxb2 {Gibt dem Nachziehenden Remischancen.}) 47... Nc4 48. Bxb5 Nd2 (48... Nxb2
{Hecht} 49. Be2 Na4 {sonst Kb3} 50. Bc4 Rb2+ 51. Rxb2 Nxb2 52. Be2 $18) (48...
Rxb2+ {Hecht} 49. Rxb2 Nxb2 50. Be2 $18) 49. Bc4 $1 $18 {Ein wichtiger
Zwischenzug, nach dem Wei� die zwei Mehrbauern behalten kann. Der Rest ist
eine einfache Aufgabe f�r einen Gro�meister.} (49. Re1+ {Tsesarsky} Kd6 50.
Kc3 $18) 49... Nxc4 50. Kxc4 Kf6 51. h3 h5 52. b4 Ke7 53. b5 Kd7 54. b6 Kc8 55.
Kd5 Ra3 56. g4 Rxh3 57. g5 Re3 58. Rh1 Re6 59. Rxh5 Kd7 60. Rh7 Rd6+ (60... Re7
{Hecht} 61. g6 $18) (60... Ke7 {Hecht} 61. b7 Rb6 62. g6 $18) 61. Kc5 1-0

[Event "World-ch28 Karpov-Kortschnoj +6-5=21"]
[Site "Baguio City"]
[Date "1978.08.17"]
[Round "13"]
[White "Kortschnoj, Viktor Lvovich"]
[Black "Karpov, Anatoly"]
[Result "0-1"]
[WhiteElo "2665"]
[BlackElo "2725"]
[Annotator "Fischer,J"]
[PlyCount "122"]
[EventDate "1978.07.18"]
[EventType "match"]
[EventRounds "32"]
[EventCountry "PHI"]
[SourceTitle "MainBase"]
[Source "ChessBase"]
[SourceDate "1999.07.01"]
[SourceVersion "2"]
[SourceVersionDate "1999.07.01"]
[SourceQuality "1"]

1. c4 Nf6 2. Nc3 e6 3. Nf3 d5 4. d4 Be7 5. Bg5 h6 6. Bh4 O-O 7. Rc1 b6 8. Bxf6
Bxf6 9. cxd5 exd5 10. g3 c6 11. Bg2 Bf5 12. O-O Qd6 13. e3 Nd7 14. Ne1 Rfe8 15.
Nd3 g6 16. Nf4 Bg7 17. g4 Be6 18. h3 Nf8 19. Nxe6 Nxe6 20. Qd3 Rad8 21. Rc2 Nc7
22. Na4 Qd7 23. b3 Re6 24. Nc3 Rd6 25. b4 Bf8 26. Ne2 b5 27. Qb3 Na8 $5 {
mit der Idee Sb6-c4.} 28. a4 bxa4 29. Qxa4 Nb6 30. Qb3 Rb8 31. Nf4 Nc4 32. Qa4
f5 33. gxf5 Qxf5 34. Qxa7 Rxb4 35. Ra2 Qc8 36. Rc1 Rb7 37. Qa4 Rf7 38. Rxc4 $5
{Weiß gibt die Qualität, um den stark stehenden Springer auf c4 loszuwerden.
Er bekommt einen Bauern dafür und steht definitiv nicht schlechter.} dxc4 39.
Qxc4 Qf5 40. Nd3 Bg7 41. Ra7 Rdf6 42. Rxf7 Rxf7 43. d5 Be5 44. dxc6 {Weiß hat
einen zweiten Bauern für die Qualität bekommen - und der Freibauer auf c6
gibt ihm sogar Gewinnchancen.} Kg7 45. Be4 Qg5+ 46. Kf1 Bd6 47. Bd5 Re7 48. Bf3
h5 49. Bd1 Qf5 50. Ke2 Re4 51. Qc3+ Qf6 52. Qb3 Qf5 53. Qb7+ Re7 54. Qb2+ Kh7
55. Qd4 Bc7 56. Qh4 $2 ({Ein schweres Versehen, das Weiß die Partie kostet.
Nach z.B.} 56. Qc5 Qxc5 57. Nxc5 {hat Weiß nichts zu fürchten.}) 56... Re4 $1
{Nimmt die Einladung dankbar an.} 57. f4 {Mehr oder weniger erzwungen.} ({Nach
} 57. Nf4 Bxf4 58. Bc2 Rxe3+ {Vielleicht hat Kortschnoi diesen Zug übersehen.}
59. fxe3 Qxc2+ 60. Kf3 Bd6 {steht Schwarz auf Gewinn.}) 57... Bb6 {Jetzt ist
e3 nicht zu halten und die weiße Stellung bricht zusammen.} 58. Bc2 Rxe3+ 59.
Kd2 Qa5+ 60. Kd1 Qa1+ 61. Kd2 Re4 {Und Weiß gab auf. Eine bittere Niederlage
für Kortschnoi, der den WM-Kampf nach ??? Partien mit 5:6 (??? Remis) verlor.}
0-1

[Event "Linares 09th"]
[Site "Linares"]
[Date "1991.??.??"]
[Round "5"]
[White "Jussupow, Artur"]
[Black "Beliavsky, Alexander G"]
[Result "0-1"]
[WhiteElo "2605"]
[BlackElo "2640"]
[Annotator "Ftacnik,L"]
[PlyCount "74"]
[EventDate "1991.02.??"]
[EventType "tourn"]
[EventRounds "13"]
[EventCountry "ESP"]
[EventCategory "17"]
[SourceTitle "CBM 022"]
[Source "ChessBase"]
[SourceDate "1991.06.01"]
[SourceVersion "1"]
[SourceVersionDate "1991.06.01"]
[SourceQuality "1"]

1. d4 Nf6 2. Nf3 d5 3. c4 e6 4. Nc3 Be7 5. Bg5 h6 6. Bh4 O-O 7. Rc1 dxc4 8. e3
c5 9. Bxc4 cxd4 10. exd4 Bd7 $5 {N} (10... Nc6 11. O-O Nh5 12. Bxe7 Nxe7) 11.
O-O Bc6 12. Ne5 Nfd7 $1 13. Bxe7 Qxe7 14. Nxc6 Nxc6 15. d5 Nb6 $5 16. dxc6 Nxc4
17. Ne4 Nb6 18. Qd6 Qxd6 19. Nxd6 bxc6 20. Rxc6 Rfd8 21. g3 $2 (21. Rfc1 Nd5
22. Kf1 $14) 21... Nd5 22. Rfc1 Ne7 23. Rc7 Kf8 24. Nb5 a6 25. Nc3 Rd2 26. Na4
g5 27. Rb7 $2 (27. R7c2 $10) 27... Nf5 28. Nc5 Rad8 29. Nxa6 Re2 30. Nc5 Rdd2
31. Nb3 (31. Rf1 Ne3 $1 32. Rxf7+ Kxf7 33. fxe3+ Ke7 $19) 31... Rxb2 32. Nc5
Rxa2 33. Rd1 g4 (33... Rxf2 $2 34. Nxe6+ $1 Kg8 35. Rd8+ Kh7 36. Rxf7+ Kg6 37.
Rxf5 $17) 34. Nd3 Nd4 35. h3 gxh3 36. Rf1 Nf3+ 37. Kh1 e5 {Ftacnik,L} 0-1

[Event "Interzonal-15"]
[Site "Manila"]
[Date "1990.??.??"]
[Round "4"]
[White "Portisch, Lajos"]
[Black "Agdestein, Simen"]
[Result "1-0"]
[WhiteElo "2590"]
[BlackElo "2600"]
[Annotator "Ftacnik,L"]
[PlyCount "85"]
[EventDate "1990.06.29"]
[EventType "swiss"]
[EventRounds "13"]
[EventCountry "PHI"]
[SourceTitle "CBM 019"]
[Source "ChessBase"]
[SourceDate "1990.12.01"]
[SourceVersion "1"]
[SourceVersionDate "1990.12.01"]
[SourceQuality "1"]

1. c4 e6 2. Nc3 d5 3. d4 Be7 4. Nf3 Nf6 5. Bg5 h6 6. Bh4 dxc4 7. e3 Nd5 {N} (
7... c5 8. Bxc4 Nc6 9. Qe2 cxd4 10. Rd1 Bd7 11. exd4 O-O 12. O-O Rc8 13. Rfe1
$14 {Smejkal,J-Hort,V/BRD/1984/}) 8. Bxe7 Qxe7 9. Qa4+ (9. Bxc4 Qb4 10. Qb3
Qxb3 11. Bxb3 Nxc3 12. bxc3 $10) 9... c6 10. Qxc4 O-O 11. Rc1 (11. Be2 b6 $10)
11... Nd7 (11... b6 12. Nxd5 exd5 13. Qc3 Bb7 $14) 12. Be2 N5b6 13. Qd3 e5 14.
O-O Re8 (14... f5 $5 15. e4 exd4 16. Qxd4 $13) 15. e4 exd4 16. Qxd4 Nc5 $1 17.
Nd2 Bd7 18. Rfd1 Rad8 19. Qb4 (19. Qe3 f5 $5) 19... Be6 (19... Nca4 $1 20. Qxe7
Rxe7 21. Nxa4 Nxa4 22. b3 Nb2 $5 23. Rf1 Bc8 $15) 20. Nf1 Rxd1 21. Nxd1 (21.
Rxd1 $2 Nca4 $1) 21... Nbd7 22. Nc3 b6 23. Rd1 a5 24. Qd4 b5 25. Ng3 Qf6 26. a3
Bb3 27. Rd2 g6 (27... Qxd4 28. Rxd4 $14) 28. Qe3 $40 h5 29. f3 b4 30. Nd1 Be6 (
30... bxa3 $5 31. bxa3 a4) 31. axb4 axb4 32. Nf2 Qe7 33. f4 Nb3 $2 (33... h4
34. Nf1 Ba2 $16) 34. f5 $1 Qc5 35. Rd3 Qxe3 36. Rxe3 Bd5 37. Nd1 h4 38. exd5
Rxe3 39. Nxe3 hxg3 40. dxc6 gxh2+ 41. Kxh2 Nb6 42. c7 Nd4 43. Nd5 $1 {Ftacnik,L
} 1-0

[Event "Moscow5"]
[Site "Moscow"]
[Date "1995.??.??"]
[Round "11"]
[White "Chekhov, Valery A"]
[Black "Kharitonov, Andrei Y"]
[Result "0-1"]
[WhiteElo "2500"]
[BlackElo "2550"]
[Annotator "Ftacnik,L"]
[PlyCount "40"]
[EventDate "1995.??.??"]
[EventType "tourn"]
[EventRounds "11"]
[EventCountry "RUS"]
[EventCategory "10"]
[SourceTitle "CBM 049"]
[Source "ChessBase"]
[SourceDate "1995.12.01"]
[SourceVersion "1"]
[SourceVersionDate "1995.12.01"]
[SourceQuality "1"]

1. Nf3 d5 2. d4 Nf6 3. c4 e6 4. Nc3 Be7 5. Bg5 O-O 6. Qc2 h6 7. Bxf6 Bxf6 8. e4
c6 9. O-O-O Na6 $5 $146 (9... dxe4 10. Nxe4 Nd7 (10... Nd7 11. Nxf6+ Nxf6 12.
Kb1 b6 13. Be2 Bb7 14. Rhe1 Qc7 15. Ne5 c5 {1/2-1/2 Kalinichev,S-Tsarev,V/
URS-chT Podolsk 1990})) (9... dxc4 10. Bxc4 b5 (10... b5 11. Be2 Qb6 12. g4 Rd8
13. e5 Be7 14. g5 hxg5 15. Rhg1 Nd7 16. Nxg5 Nf8 17. Qe4 Bd7 18. Nxf7 Kxf7 19.
Rxg7+ Kxg7 20. Rg1+ {1-0 Eingorn,V-Pandavos,E/EU-chT Haifa (3) 1989})) 10. h4 (
10. cxd5 cxd5 11. Bxa6 bxa6 12. e5 Be7 $132) (10. a3 dxc4 11. Bxc4 b5 12. Bd3
b4 $36) 10... Nb4 11. Qb3 a5 12. c5 (12. a3 dxc4 13. Bxc4 b5 14. Be2 Na6 $36)
12... b6 13. e5 Be7 14. a3 bxc5 $3 15. axb4 (15. dxc5 Na6 $17) 15... axb4 16.
Nb1 (16. Na4 c4 17. Qc2 b3 $19) (16. Ne2 c4 17. Qe3 Ra2 18. Rh3 Qa5 $132) 16...
c4 17. Qe3 (17. Qc2 Ra2 18. Ne1 c3 19. Nd3 Ba6 $17) 17... Ra1 18. Rh3 Qa5 19.
Nfd2 (19. Rg3 Qa2 20. Nfd2 c3 21. bxc3 Qa3+ 22. Kc2 Ra2+ 23. Kd3 Ba6+) 19... c3
$1 20. bxc3 (20. Nb3 Qa2 21. Nxa1 Qxb2#) 20... Qa3+ (20... Qa3+ 21. Kc2 Ra2+
22. Kd3 Ba6+ 23. Nc4 Bxc4#) 0-1